The accidental universe: the world you thought you knew (Record no. 75567)
[ view plain ]
| 000 -LEADER | |
|---|---|
| fixed length control field | 00814nam a2200193 a 4500 |
| 008 - FIXED-LENGTH DATA ELEMENTS--GENERAL INFORMATION | |
| fixed length control field | 160616s2013 ||||||||||||||||| || u |
| 020 ## - INTERNATIONAL STANDARD BOOK NUMBER | |
| International Standard Book Number | 9780345805959 |
| 050 ## - LIBRARY OF CONGRESS CALL NUMBER | |
| Classification number | QB 981 Lig |
| 100 ## - MAIN ENTRY--PERSONAL NAME | |
| Personal name | Lightman, Alan |
| 245 14 - TITLE STATEMENT | |
| Title | The accidental universe: the world you thought you knew |
| Statement of responsibility, etc. | By Alan Lightman |
| 260 ## - PUBLICATION, DISTRIBUTION, ETC. | |
| Place of publication, distribution, etc. | New York |
| Name of publisher, distributor, etc. | Vintage Books |
| Date of publication, distribution, etc. | 2013 |
| 300 ## - PHYSICAL DESCRIPTION | |
| Extent | xi, 157p. |
| 350 ## - | |
| -- | 15.00 |
| 650 ## - SUBJECT ADDED ENTRY--TOPICAL TERM | |
| Topical term or geographic name entry element | PHYSICS--PHILOSOPHY |
| 650 ## - SUBJECT ADDED ENTRY--TOPICAL TERM | |
| Topical term or geographic name entry element | ASTRONOMY--PHILOSOPHY |
| 650 ## - SUBJECT ADDED ENTRY--TOPICAL TERM | |
| Topical term or geographic name entry element | COSMOLOGY |
| 995 ## - | |
| -- | MAIN LIBRARY OPEN ACCESS |
| -- | 746050 |
| -- | CBU-MAIN LIBRARY (Kitwe) |
| -- | 15.00 |
| -- | QB 981 Lig |
| -- | 2 |
| -- | AVAILABLE |
| -- | Jun 27, 2016 |
| -- | 746050 |
| -- | Main Library Open Access Collection |
| 995 ## - | |
| -- | MAIN LIBRARY OPEN ACCESS |
| -- | 745926 |
| -- | CBU-MAIN LIBRARY (Kitwe) |
| -- | 15.00 |
| -- | QB 981 Lig |
| -- | 1 |
| -- | AVAILABLE |
| -- | Jun 27, 2016 |
| -- | 745926 |
| -- | Main Library Open Access Collection |
| 999 ## - | |
| -- | 75567 |
| -- | 75567 |
| Withdrawn status | Lost status | Source of classification or shelving scheme | Damaged status | Not for loan | Permanent Location | Current Location | Shelving location | Date acquired | Total Checkouts | Full call number | Barcode | Date last seen | Copy number | Price effective from | Koha item type |
|---|---|---|---|---|---|---|---|---|---|---|---|---|---|---|---|
| CBU-MAIN LIBRARY, KITWE. | CBU-MAIN LIBRARY, KITWE. | 03/30/2023 | QB 981 Lig | 746050 | 03/30/2023 | 1 | 03/30/2023 | MONOGRAPH | |||||||
| CBU-MAIN LIBRARY, KITWE. | CBU-MAIN LIBRARY, KITWE. | 03/30/2023 | QB 981 Lig | 745926 | 03/30/2023 | 2 | 03/30/2023 | MONOGRAPH |